LISA - MONEY (all lyrics) - Statistics

General Stats
  • This quiz has been taken 83 times
  • The average score is 259 of 373
Answer Stats
% Correct
I
97%
money
95%
the
95%
a
91%
my
91%
My
91%
me
90%
on
90%
the
90%
drop
88%
Drop
88%
do
84%
it
84%
Dollar
79%
dollar
79%
It's
79%
it's
79%
and
78%
droppin'
78%
Droppin'
78%
so
78%
spend
78%
Spend
78%
check
76%
Check
76%
of
76%
this
76%
to
76%
weekend
76%
yeah
76%
all
74%
month
74%
some
74%
When
74%
when
74%
you
74%
end
72%
ass
71%
like
71%
what
71%
bills
69%
some
69%
tonight
69%
yummy
69%
Everyone
67%
everyone
67%
fallin'
67%
for
67%
love
67%
number
67%
talk
67%
dance
66%
everything
66%
feels
66%
I'ma
66%
listen
66%
myself
66%
silent
66%
that
66%
way
66%
shit
64%
autograph
62%
Bitch
62%
Keep
62%
want
62%
go
60%
hell
60%
how
60%
account
59%
Give
59%
give
59%
Twerkin'
59%
twerkin'
59%
bank
57%
just
57%
leave
57%
never
57%
pour
57%
That's
57%
that's
57%
ya
57%
came
55%
here
55%
made
55%
choose
53%
green
53%
makin'
53%
Sign
53%
things
53%
Watch
53%
buy
52%
dollars
52%
gettin'
52%
mean
50%
moves
50%
hundred
48%
Yikes
48%
bread
47%
know
47%
pourin'
47%
shoes
47%
they
47%
be
45%
tip
45%
says
41%
walkin'
41%
bands
40%
bounced
38%
CELINE
38%
rules
38%
see
34%
Dun
33%
dun
33%
store
29%
wons
28%
yens
28%
dun-dun
9%
dun-dun-dun
9%
dun-dun, dun
9%
No matching quizzes found
Score Distribution
Percent of People with Each Score
Percentile by Number Answered
Your Score History
You have not taken this quiz